000
00325nam a22001457a 4500
003
SGT
020
_a
978-81-89738-80-8
082
_a
746
_b
JAI
100
_a
JAIN, RAHUL
245
_a
RAPTURE THE ART OF INDIAN TEXTILES
260
_a
INDIA
_b
NIYOGI BOOKS
_c
2019
300
_a
244
650
_a
TEXTILES
942
_2
ddc
_c
BK
999
_c
25791
_d
25791